[Event "Asian Nations Cup 2016"]
[Site "Abu Dhabi UAE"]
[Date "2016.04.01"]
[Round "5.4"]
[White "Amini, Habibullah"]
[Black "Naotunna, Dineth Nimnaka"]
[Result "1-0"]
[WhiteElo "1995"]
[BlackElo "2022"]
[WhiteTeam "Afghanistan"]
[BlackTeam "Sri Lanka"]
[WhiteFideId "11700777"]
[BlackFideId "9919228"]
[EventDate "2016.03.28"]
[EventType "team"]

1. d4 Nf6 2. Nf3 e6 3. e3 d5 4. Bd3 Be7 5. O-O Nbd7 6. Nbd2 c5 7. b3 O-O 8. Bb2
b6 9. Ne5 Bb7 10. Qf3 Qc7 11. Qh3 Ne4 12. Nxd7 Qxd7 13. f3 Ng5 14. Qg3 f6 15.
Rad1 Bd6 16. f4 cxd4 17. Bxd4 Ne4 18. Nxe4 dxe4 19. Be2 Qe7 20. c4 Rac8 21. Qg4
Rcd8 22. Qh3 e5 23. fxe5 Bxe5 24. Bg4 Bxd4 25. exd4 g6 26. Be6+ Kg7 27. d5 f5
28. Qg3 Rf6 29. Qc3 h5 30. b4 Bc8 31. Bxc8 Rxc8 32. d6 Qe6 33. c5 Qd7 34. Rd5
Kf7 35. Qc4 Kg7 36. Qd4 Kf7 37. Re5 Re6 38. Qd5 Kf6 39. Rxe6+ Qxe6 40. d7 Rd8
41. Rd1 e3 42. Qxe6+ Kxe6 43. c6 e2 44. Re1 Kd6 45. b5 a6 46. a4 axb5 47. axb5 1-0

[Event "Asian Nations Cup 2016"]
[Site "Abu Dhabi UAE"]
[Date "2016.04.01"]
[Round "5.1"]
[White "Al Mashikhi, Salim Aliyan"]
[Black "Alrashidi, Yousef"]
[Result "1-0"]
[WhiteElo "2088"]
[BlackElo "1631"]
[WhiteTeam "Oman"]
[BlackTeam "Kuwait"]
[WhiteFideId "22000046"]
[BlackFideId "10300910"]
[EventDate "2016.03.28"]
[EventType "team"]

1. c4 c5 2. Nc3 Nc6 3. g3 g6 4. Bg2 Bg7 5. Nf3 Nf6 6. O-O O-O 7. d3 e6 8. Rb1 d5
9. cxd5 exd5 10. e3 h6 11. a3 Be6 12. b4 d4 13. exd4 cxd4 14. Ne2 Bg4 15. b5
Bxf3 16. Bxf3 Ne5 17. Bxb7 Rb8 18. Bg2 Qb6 19. a4 Qc5 20. Qb3 Rfd8 21. Bf4 Nd5
22. Rfc1 Qd6 23. Bd2 Ne7 24. Bb4 Qf6 25. Rc7 Bf8 26. Nf4 Nc8 27. Bxf8 Kxf8 28.
Re1 Re8 29. Re4 Nd6 30. Qb4 Rbc8 31. Nd5 Qxf2+ 32. Kxf2 Nxd3+ 33. Kg1 Nxb4 34.
Rxe8+ Rxe8 35. Nxb4 Nc8 36. Bd5 Ne7 37. Rxa7 Nxd5 38. Nxd5 d3 39. Nc3 d2 40. Rd7 1-0

[Event "Asian Nations Cup 2016"]
[Site "Abu Dhabi UAE"]
[Date "2016.04.01"]
[Round "5.2"]
[White "Al Azmi, Khalaf"]
[Black "Salim, Issa Ali Shamas"]
[Result "0-1"]
[WhiteElo "1842"]
[BlackElo "2026"]
[WhiteTeam "Kuwait"]
[BlackTeam "Oman"]
[WhiteFideId "10300040"]
[BlackFideId "22000062"]
[EventDate "2016.03.28"]
[EventType "team"]

1. e4 e5 2. Nf3 Nc6 3. Bc4 Bc5 4. c3 Nf6 5. d4 exd4 6. cxd4 Bb4+ 7. Bd2 O-O 8.
Bxb4 Nxb4 9. e5 d5 10. Bb3 Ng4 11. Nc3 Bf5 12. O-O c6 13. Ne1 Qh4 14. h3 Nh6 15.
a3 Na6 16. Nf3 Qe7 17. Re1 Bg6 18. Ne2 Nf5 19. Nf4 Nc7 20. Nxg6 fxg6 21. Qd2 Ne6
22. Bc2 Nh4 23. Nxh4 Qxh4 24. Rad1 Rf7 25. Qe3 Raf8 26. Rd2 Ng5 27. Qg3 Qh6 28.
Rde2 Ne6 29. Rd1 Rf4 30. Qe3 Qg5 31. g3 R4f7 32. Qxg5 Nxg5 33. Kg2 Ne6 34. f4
Rc8 35. Rf2 Rcf8 36. h4 a5 37. Kf3 Nxf4 38. Ke3 Ne6 39. Rxf7 Rxf7 40. a4 g5 41.
h5 g4 42. Rd3 Rf3+ 43. Ke2 Rxd3 44. Kxd3 g6 45. hxg6 h5 46. Ke3 Kg7 47. Bf5 Nf8
48. Bc8 b6 49. Bb7 Nxg6 50. Bxc6 Ne7 51. Be8 h4 52. Bd7 hxg3 53. Bxg4 Kg6 54.
Bd7 Kg5 55. Kf3 g2 56. Kxg2 Kf4 57. Kf2 Ke4 58. Ke2 Kxd4 59. e6 Ke5 60. Kd3 Kd6
61. Kc3 Nf5 62. b4 Ng7 63. bxa5 bxa5 64. Bb5 Nxe6 65. Bf1 Kc5 66. Bb5 Nd4 67.
Bf1 Nc6 68. Bb5 Nb4 69. Bf1 d4+ 70. Kb3 Nd5 71. Bb5 Ne3 72. Bd3 Kd5 73. Bh7 Ke5
74. Kb2 Nc4+ 75. Kb3 Nb6 76. Bd3 Kf4 77. Bb5 Ke3 78. Kc2 Nd5 79. Be8 Nf6 80. Bb5
Ne4 81. Bd3 Nc5 82. Bh7 Nxa4 83. Kb3 Nb6 84. Kc2 a4 85. Bd3 Nd7 86. Bh7 Nc5 87.
Bg6 d3+ 88. Kc3 Ne4+ 89. Kb4 Nc5 90. Ka3 Kd2 91. Bh5 Kc2 92. Bg4 d2 93. Bf5+ Kc1
94. Bg4 d1=Q 95. Bxd1 Kxd1 96. Ka2 Kc2 97. Ka1 Kb3 98. Kb1 a3 99. Ka1 Nd3 100.
Kb1 Nb4 0-1

[Event "Asian Nations Cup 2016"]
[Site "Abu Dhabi UAE"]
[Date "2016.04.01"]
[Round "5.4"]
[White "Alkhaldi, Bader"]
[Black "Salim, Mohammed Salim Al Amri"]
[Result "0-1"]
[BlackTitle "CM"]
[WhiteElo "1943"]
[BlackElo "2038"]
[WhiteTeam "Kuwait"]
[BlackTeam "Oman"]
[WhiteFideId "10300171"]
[BlackFideId "22000089"]
[EventDate "2016.03.28"]
[EventType "team"]

1. c4 Nf6 2. g3 g6 3. Bg2 Bg7 4. Nf3 d6 5. Nc3 c6 6. h3 O-O 7. O-O e5 8. e4 Nh5
9. d4 h6 10. Be3 Na6 11. Qd2 Kh7 12. Rad1 Qc7 13. Nh4 Qe7 14. Kh2 Nc7 15. Bf3
Qe6 16. g4 Qf6 17. gxh5 Qxh4 18. hxg6+ fxg6 19. Bg2 Bxh3 20. Rh1 Bxg2+ 21. Kxg2
Qg4+ 22. Kf1 h5 23. d5 cxd5 24. cxd5 Rf3 25. Rg1 Qh4 26. Qe2 Raf8 27. Ke1 Na6
28. Rf1 b6 29. Qxa6 Rxe3+ 30. Kd2 Rxf2+ 31. Kc1 Rg2 32. a3 Qh2 33. Qb5 Rxc3+ 34.
bxc3 Ra2 35. Kb1 Qc2# 0-1

[Event "Asian Nations Cup 2016"]
[Site "Abu Dhabi UAE"]
[Date "2016.04.01"]
[Round "5.1"]
[White "Snoper, Rafat"]
[Black "Mansour, Abbas"]
[Result "1-0"]
[WhiteElo "1890"]
[BlackElo "1818"]
[WhiteTeam "Palestine"]
[BlackTeam "UAE - 3"]
[WhiteFideId "11502150"]
[BlackFideId "9301402"]
[EventDate "2016.03.28"]
[EventType "team"]

1. d4 Nf6 2. c4 e6 3. Nc3 Bb4 4. h4 b6 5. Bg5 h6 6. Bf4 Bb7 7. e3 O-O 8. f3 Nh5
9. Ne2 d5 10. g4 Nxf4 11. Nxf4 Be7 12. g5 c6 13. Qc2 Na6 14. O-O-O Qd6 15. gxh6
gxh6 16. Rg1+ Kh8 17. Ng6+ fxg6 18. Qxg6 Bg5 19. hxg5 Qe7 20. Rh1 Rf7 21. Bd3
Rg7 22. Qxh6+ Kg8 23. Qh8+ Kf7 24. g6+ Rxg6 25. Rh7+ 1-0

[Event "Asian Nations Cup 2016"]
[Site "Abu Dhabi UAE"]
[Date "2016.04.01"]
[Round "5.2"]
[White "Al-Zaabi, Sultan"]
[Black "Dawabsha, Taha"]
[Result "1-0"]
[WhiteTitle "CM"]
[WhiteElo "1817"]
[BlackElo "1912"]
[WhiteTeam "UAE - 3"]
[BlackTeam "Palestine"]
[WhiteFideId "9307583"]
[BlackFideId "11502100"]
[EventDate "2016.03.28"]
[EventType "team"]

1. d4 Nf6 2. c4 e5 3. d5 Bb4+ 4. Bd2 Bc5 5. Bc3 Ne4 6. e3 d6 7. b4 Nxc3 8. Nxc3
Bb6 9. Bd3 O-O 10. Nge2 f5 11. O-O Qg5 12. Rc1 a6 13. Bb1 Nd7 14. a3 Nf6 15. Na4
Ba7 16. c5 Ng4 17. Ba2 Rf6 18. h3 Nh6 19. f4 exf4 20. exf4 Qh4 21. Qe1 Qh5 22.
Nd4 Bd7 23. Nb2 Rg6 24. Rf3 Re8 25. Re3 Re4 26. Bb1 Rxe3 27. Qxe3 Qh4 28. Nxf5
Qf6 29. Ne7+ Kf7 30. Nxg6 hxg6 31. Qf2 Nf5 32. g4 Nd4 33. g5 Ne2+ 34. Qxe2 Qd4+
35. Qf2 Qxf2+ 36. Kxf2 Bxh3 37. Be4 a5 38. Nd3 Bf5 39. Ke3 Ke7 40. Kd4 Kf8 41.
Re1 Kf7 42. Rh1 Kg8 43. Bxf5 gxf5 44. g6 b6 45. Rh5 bxc5+ 46. bxc5 a4 47. Rxf5
dxc5+ 48. Nxc5 Bb8 49. Ne6 1-0

[Event "Asian Nations Cup 2016"]
[Site "Abu Dhabi UAE"]
[Date "2016.04.01"]
[Round "5.4"]
[White "Khalifah, Khaled"]
[Black "Tamra, Attallah"]
[Result "0-1"]
[WhiteTitle "CM"]
[BlackTitle "CM"]
[WhiteElo "1532"]
[BlackElo "2058"]
[WhiteTeam "UAE - 3"]
[BlackTeam "Palestine"]
[WhiteFideId "9312552"]
[BlackFideId "11500255"]
[EventDate "2016.03.28"]
[EventType "team"]

1. d4 Nf6 2. Bf4 g6 3. Nf3 Bg7 4. e3 c5 5. h3 Qb6 6. Nc3 cxd4 7. exd4 O-O 8. Na4
Qa5+ 9. c3 d6 10. b4 Qc7 11. c4 e5 12. dxe5 dxe5 13. Bxe5 Re8 14. Be2 Rxe5 15.
Nxe5 Qxe5 16. O-O Nc6 17. b5 Nd4 18. Re1 Be6 19. Bg4 Qf4 20. Bxe6 Nxe6 21. Rc1
Ne4 22. Qe2 f5 23. g3 Qg5 24. h4 Qh6 25. Qf3 Nd4 26. Qd3 Rd8 27. Rcd1 Ne6 28.
Qf3 Bd4 29. Re2 Qf8 30. Kg2 Be5 31. Rxd8 Qxd8 32. Rxe4 fxe4 33. Qxe4 Qd4 34.
Qxb7 Qxc4 35. Qxa7 Qd5+ 36. Kg1 Qxb5 37. Qe7 Qb1+ 38. Kg2 Qxa2 39. Qe8+ Kg7 40.
Qe7+ Kh6 41. Qf7 Nf4+ 0-1

[Event "Asian Nations Cup 2016"]
[Site "Abu Dhabi UAE"]
[Date "2016.04.01"]
[Round "5.1"]
[White "Khusenkhojaev, Muhammad"]
[Black "Shrestha, Bilam Lal"]
[Result "1-0"]
[WhiteTitle "IM"]
[BlackTitle "FM"]
[WhiteElo "2416"]
[BlackElo "2026"]
[WhiteTeam "Tajikistan"]
[BlackTeam "Nepal"]
[WhiteFideId "14700247"]
[BlackFideId "12300047"]
[EventDate "2016.03.28"]
[EventType "team"]

1. d4 Nf6 2. Nf3 d6 3. g3 g6 4. Bg2 Bg7 5. c4 O-O 6. O-O c5 7. Nc3 cxd4 8. Nxd4
Nbd7 9. h3 Rb8 10. Be3 a6 11. Qd2 Re8 12. Rac1 Ne5 13. b3 Bd7 14. Rfd1 Nc6 15.
c5 dxc5 16. Nxc6 Bxc6 17. Bxc6 bxc6 18. Qxd8 Rbxd8 19. Bxc5 e6 20. Rxd8 Rxd8 21.
Be7 Rc8 22. Bxf6 Bxf6 23. Na4 Be7 24. e4 Kg7 25. Kf1 h5 26. Ke2 g5 27. e5 f5 28.
Rd1 Rc7 29. f3 Kf7 30. Rd4 Ke8 31. Nb2 c5 32. Ra4 Ra7 33. Nd3 Kd7 34. h4 gxh4
35. gxh4 Ra8 36. Nf4 Bxh4 37. Nxh5 Be7 38. Nf4 Bd8 39. Rc4 Bb6 40. Rc1 a5 41.
Rd1+ Ke7 42. Rd6 Bc7 43. Rxe6+ Kd7 44. Nd5 Rh8 45. Re7+ Kc6 46. Nxc7 Rh2+ 47.
Ke3 Rxa2 48. e6 Ra1 49. Kf4 Rb1 50. Rh7 1-0

[Event "Asian Nations Cup 2016"]
[Site "Abu Dhabi UAE"]
[Date "2016.04.01"]
[Round "5.4"]
[White "Baidya, Arun Shankar"]
[Black "Antonova, Nadezhda"]
[Result "0-1"]
[BlackTitle "WFM"]
[WhiteElo "1719"]
[BlackElo "1956"]
[WhiteTeam "Nepal"]
[BlackTeam "Tajikistan"]
[WhiteFideId "12305251"]
[BlackFideId "14700182"]
[EventDate "2016.03.28"]
[EventType "team"]

1. g4 d5 2. Bg2 Bxg4 3. c4 c6 4. cxd5 e6 5. dxc6 Nxc6 6. Nc3 Nf6 7. d3 Be7 8. h3
Bh5 9. Nf3 O-O 10. Bf4 Qb6 11. Rb1 Rfd8 12. O-O Rac8 13. a3 Qa5 14. Qc1 e5 15.
b4 Qc7 16. Bh2 Bxf3 17. exf3 Nd4 18. Qe3 Qxc3 19. Bxe5 Nc2 20. Qe2 Qxa3 21. Bb2
Qxd3 22. Qxe7 Rd7 23. Qe5 Nxb4 24. Rbd1 Nc6 25. Qg5 Qg6 26. Qh4 Rcd8 27. Rxd7
Rxd7 28. Qa4 h6 29. f4 Rd2 30. Bc3 Rd3 31. Ba1 Rxh3 32. Rd1 Rh4 33. Kf1 Rg4 34.
Bf3 Rg1+ 35. Ke2 Rxd1 36. Qxd1 Nh5 37. Qd2 Qf5 38. Qe3 Nxf4+ 39. Kd2 Ne6 40. Qc3
Qg5+ 41. Ke2 Ned4+ 42. Kf1 Nxf3 43. Qxf3 Qc1+ 0-1

[Event "Asian Nations Cup 2016"]
[Site "Abu Dhabi UAE"]
[Date "2016.04.02"]
[Round "6.1"]
[White "Adhiban, Baskaran"]
[Black "Ghaem Maghami, Ehsan"]
[Result "1-0"]
[WhiteTitle "GM"]
[BlackTitle "GM"]
[WhiteElo "2663"]
[BlackElo "2549"]
[WhiteTeam "India"]
[BlackTeam "Iran"]
[WhiteFideId "5018471"]
[BlackFideId "12500739"]
[EventDate "2016.03.28"]
[EventType "team"]

1. d4 Nf6 2. c4 e6 3. Nc3 Bb4 4. Nf3 b6 5. e3 Ne4 6. Bd2 Nxd2 7. Qxd2 Bb7 8. Be2
O-O 9. O-O d6 10. a3 Bxc3 11. Qxc3 Nd7 12. Rfd1 Qe7 13. Nd2 c5 14. Bf3 Nf6 15.
b4 cxd4 16. exd4 Rfc8 17. h3 Qc7 18. Rdc1 Bxf3 19. Qxf3 e5 20. dxe5 dxe5 21. c5
Qd7 22. Nc4 e4 23. Qg3 bxc5 24. Nd6 Rc6 25. bxc5 Qe6 26. Rab1 Ne8 27. Nb5 Qe7
28. Qe3 a6 29. Nd4 Rxc5 30. Rxc5 Qxc5 31. Qxe4 Rd8 32. Nc6 Nf6 33. Qe7 Qxe7 34.
Nxe7+ Kf8 35. Nc6 Ra8 36. Rb7 Nd5 37. Ne5 Ne7 38. Nd7+ Ke8 39. Nb6 Rd8 40. Ra7
Rd1+ 41. Kh2 Nf5 42. Rxa6 Rd2 43. Kg1 Rd1+ 44. Kh2 Rd2 45. Ra5 g6 46. g4 Ng7 47.
Kg2 Ne6 48. Nc4 Rc2 49. Ra8+ Ke7 50. Ra7+ Kf6 51. Nd6 Nf4+ 52. Kg3 Ne2+ 53. Kf3
Ng1+ 54. Kg2 Ne2 55. Ne4+ Ke5 56. Re7+ Kd4 57. Ng5 h5 58. Rxf7 Ra2 59. Re7 hxg4
60. hxg4 Nf4+ 61. Kg3 Nd3 62. Ne6+ Kc4 63. Rc7+ Kd5 64. Rd7+ Kc4 65. Rc7+ Kd5
66. Nf4+ Kd6 67. Ra7 Nxf2 68. Nxg6 Kd5 69. Ne7+ Kc4 70. a4 Ne4+ 71. Kf4 Nc5 72.
g5 Rf2+ 73. Ke3 Rg2 74. g6 Rg5 75. Rc7 Kb3 76. a5 Ka4 77. Ra7 Kb5 78. Kf3 Ne6
79. Ra8 Nc7 80. Rc8 Ne6 81. a6 Nd4+ 82. Ke4 Rg4+ 83. Kd5 Kxa6 84. Rc4 Nf5 85.
Rxg4 Ne3+ 86. Ke6 Nxg4 87. g7 Nh6 88. Nf5 Nxf5 89. Kxf5 1-0

[Event "Asian Nations Cup 2016"]
[Site "Abu Dhabi UAE"]
[Date "2016.04.02"]
[Round "6.2"]
[White "Darini, Pouria"]
[Black "Sethuraman, S.P."]
[Result "0-1"]
[WhiteTitle "GM"]
[BlackTitle "GM"]
[WhiteElo "2496"]
[BlackElo "2658"]
[WhiteTeam "Iran"]
[BlackTeam "India"]
[WhiteFideId "12502200"]
[BlackFideId "5021596"]
[EventDate "2016.03.28"]
[EventType "team"]

1. e4 c6 2. d4 d5 3. e5 Bf5 4. h4 h6 5. g4 Bd7 6. h5 c5 7. dxc5 Qc7 8. Bf4 e6 9.
Nc3 Bxc5 10. Qd2 Ne7 11. O-O-O a6 12. Nf3 Nbc6 13. g5 hxg5 14. Nxg5 Bb4 15. a3
Ba5 16. Qe2 Bxc3 17. bxc3 Na5 18. Qf3 Rc8 19. h6 g6 20. Rh3 Nf5 21. Rxd5 Bc6 22.
Rc5 Bxf3 23. Rxc7 Rxc7 24. Nxf3 Rxc3 25. Bd3 Nc4 26. Ng5 Nd4 27. Ne4 Rxa3 28.
Kb1 Ne2 29. Bxc4 Rxh3 30. Bxe2 R8xh6 31. Nd6+ Kd7 32. Bxh6 Rxh6 33. Nxb7 Rh1+
34. Kb2 Re1 35. Nc5+ Kc7 36. Bxa6 Rxe5 37. Nd3 Rf5 38. Bc4 Kd6 39. Ba6 Ra5 40.
Bc4 Rf5 41. Ba6 Ra5 42. Bc4 g5 43. Kc3 f5 44. Bb3 e5 45. Nb2 Ra1 46. Nc4+ Ke6
47. Ne3+ Kf6 48. Nd5+ Kf7 49. Kd2 e4 50. c4 Rf1 51. c5 Rxf2+ 52. Kc3 Ke6 53. Bc4
Rh2 54. Nb6+ Ke7 55. Kd4 g4 56. Nd5+ Kd7 57. Bb5+ Ke6 58. Nf4+ Ke7 59. Nd5+ Ke6
60. Nf4+ Ke7 61. Nd5+ Kf7 62. c6 g3 63. c7 g2 64. c8=Q g1=Q+ 65. Ke5 Qg7+ 66.
Kd6 Qg6+ 67. Ke5 Qg7+ 68. Kd6 Qg3+ 69. Kd7 Qe5 70. Qc4 Qe6+ 71. Kc7 Qe5+ 72. Kb7
Kg6 73. Qc6+ Kh5 74. Qd7 Kg4 75. Ne3+ Kg5 76. Qd8+ Kf4 77. Nd5+ Kf3 78. Qd7 Rd2
79. Bc6 Rb2+ 80. Bb5 e3 81. Nc3 Qxc3 82. Qxf5+ Kg3 83. Qg5+ Kf2 84. Qh4+ Kg1 85.
Qg4+ Rg2 86. Qd1+ Kf2 87. Qf1+ Kg3 88. Qf5 e2 89. Qg5+ Kf2 90. Qh4+ Kg1 0-1

[Event "Asian Nations Cup 2016"]
[Site "Abu Dhabi UAE"]
[Date "2016.04.02"]
[Round "6.3"]
[White "Vidit, Santosh Gujrathi"]
[Black "Maghsoodloo, Parham"]
[Result "1-0"]
[WhiteTitle "GM"]
[WhiteElo "2648"]
[BlackElo "2489"]
[WhiteTeam "India"]
[BlackTeam "Iran"]
[WhiteFideId "5029465"]
[BlackFideId "12539929"]
[EventDate "2016.03.28"]
[EventType "team"]

1. d4 Nf6 2. c4 g6 3. f3 d5 4. cxd5 Nxd5 5. e4 Nb6 6. Nc3 Bg7 7. Be3 O-O 8. Qd2
Nc6 9. O-O-O f5 10. e5 Nb4 11. Nh3 Be6 12. Kb1 Qd7 13. Nf4 Nc4 14. Qc1 Nxe3 15.
Qxe3 c6 16. Nxe6 Qxe6 17. a3 Nd5 18. Nxd5 cxd5 19. h4 h6 20. Qb3 Rfc8 21. Bd3
Rc7 22. g4 fxg4 23. fxg4 Rf8 24. h5 Qxg4 25. Qxd5+ e6 26. Qb3 Rc6 27. Bxg6 Rf2
28. Rhg1 Rb6 29. Rxg4 Rxb3 30. Rdg1 Rbf3 31. Bh7+ Kh8 32. Rxg7 Rf1+ 33. Kc2 Rxg1
34. Rxg1 Kxh7 35. Rg6 Rf5 36. Rxe6 Rxh5 37. d5 Rh4 38. d6 Rd4 39. Re7+ Kg6 40.
d7 1-0

[Event "Asian Nations Cup 2016"]
[Site "Abu Dhabi UAE"]
[Date "2016.04.02"]
[Round "6.4"]
[White "Firouzja, Alireza"]
[Black "Sasikiran, Krishnan"]
[Result "1/2-1/2"]
[BlackTitle "GM"]
[WhiteElo "2475"]
[BlackElo "2637"]
[WhiteTeam "Iran"]
[BlackTeam "India"]
[WhiteFideId "12573981"]
[BlackFideId "5004985"]
[EventDate "2016.03.28"]
[EventType "team"]

1. e4 c5 2. Nf3 Nc6 3. d4 cxd4 4. Nxd4 Nf6 5. Nc3 e5 6. Ndb5 d6 7. Bg5 a6 8. Na3
b5 9. Bxf6 gxf6 10. Nd5 f5 11. c3 Bg7 12. exf5 Bxf5 13. Nc2 Be6 14. Nce3 Ne7 15.
a4 Nxd5 16. Nxd5 O-O 17. Be2 e4 18. O-O Qg5 19. Ne3 b4 20. Qxd6 bxc3 21. bxc3
Bxc3 22. Rac1 Rfc8 23. Bxa6 Rd8 24. Qc6 Bd2 25. Rc5 Qh6 26. Bb7 Bxe3 27. fxe3
Qxe3+ 28. Kh1 Rxa4 29. Qxa4 Qxc5 30. Qxe4 Qd4 31. Qf3 1/2-1/2

[Event "Asian Nations Cup 2016"]
[Site "Abu Dhabi UAE"]
[Date "2016.04.02"]
[Round "6.1"]
[White "Dzhumaev, Marat"]
[Black "Bu, Xiangzhi"]
[Result "0-1"]
[WhiteTitle "GM"]
[BlackTitle "GM"]
[WhiteElo "2481"]
[BlackElo "2724"]
[WhiteTeam "Uzbekistan"]
[BlackTeam "China"]
[WhiteFideId "14200236"]
[BlackFideId "8601445"]
[EventDate "2016.03.28"]
[EventType "team"]

1. c4 e6 2. e4 d5 3. exd5 exd5 4. d4 Nf6 5. Nc3 Be7 6. h3 O-O 7. Nf3 Nbd7 8. Bd3
dxc4 9. Bxc4 Nb6 10. Bb3 c6 11. O-O Nfd5 12. Bc2 Bf6 13. Re1 g6 14. a3 Re8 15.
Bh6 Rxe1+ 16. Qxe1 Qe7 17. Qf1 Bg7 18. Bg5 f6 19. Bh4 Be6 20. Re1 Nxc3 21. bxc3
Re8 22. Nd2 Qxa3 23. Bb3 Kf7 24. Qe2 Qe7 25. Ne4 Kf8 26. Nxf6 Bxf6 27. Qf3 Qf7
28. Rxe6 Rxe6 29. Bxe6 Qxe6 30. Bxf6 Qf5 31. Qg3 Qxf6 32. Qb8+ Kg7 33. Qxa7 Nd5
34. Qxb7+ Kh6 35. Qb2 Nf4 36. Kf1 Qf5 37. Qc1 Qe4 0-1

[Event "Asian Nations Cup 2016"]
[Site "Abu Dhabi UAE"]
[Date "2016.04.02"]
[Round "6.2"]
[White "Wang, Yue"]
[Black "Barsov, Alexei"]
[Result "1-0"]
[WhiteTitle "GM"]
[BlackTitle "GM"]
[WhiteElo "2718"]
[BlackElo "2460"]
[WhiteTeam "China"]
[BlackTeam "Uzbekistan"]
[WhiteFideId "8601429"]
[BlackFideId "14200082"]
[EventDate "2016.03.28"]
[EventType "team"]

1. c4 e6 2. g3 d5 3. Bg2 dxc4 4. Qa4+ Nd7 5. Qxc4 c5 6. Nf3 a6 7. Qb3 Rb8 8. d4
cxd4 9. O-O Nc5 10. Qd1 d3 11. b4 dxe2 12. Qxe2 Qd3 13. Qe1 Nd7 14. Bb2 Ngf6 15.
Na3 Qe4 16. Qxe4 Nxe4 17. Nc4 Bxb4 18. Bxg7 Rg8 19. Bd4 Nc3 20. Kh1 Nb5 21. Be3
Nd6 22. Rac1 Nxc4 23. Rxc4 Bd6 24. Rd1 Ke7 25. Rh4 Rh8 26. Rhd4 Bc7 27. Rc4 Bd6
28. Rcd4 Bc7 29. Rc4 Bd6 30. Ng5 Ne5 31. Rcc1 Ba3 32. Rc3 Bb4 33. Rb3 Ba5 34.
Bc5+ Kf6 35. Bd6 Nd7 36. h4 Kg6 37. Bxb8 Nxb8 38. Bxb7 Bd7 39. Rd4 Be1 40. Kg1 1-0

[Event "Asian Nations Cup 2016"]
[Site "Abu Dhabi UAE"]
[Date "2016.04.02"]
[Round "6.3"]
[White "Fayzullaev, Akmal"]
[Black "Lu, Shanglei"]
[Result "1/2-1/2"]
[WhiteTitle "FM"]
[BlackTitle "GM"]
[WhiteElo "2405"]
[BlackElo "2620"]
[WhiteTeam "Uzbekistan"]
[BlackTeam "China"]
[WhiteFideId "14200554"]
[BlackFideId "8603332"]
[EventDate "2016.03.28"]
[EventType "team"]

1. c4 e6 2. Nf3 d5 3. d4 Nf6 4. e3 Nbd7 5. a3 b6 6. Nc3 Bb7 7. cxd5 exd5 8. Bd3
c5 9. dxc5 bxc5 10. O-O Bd6 11. b4 Rc8 12. Nb5 Bb8 13. bxc5 Nxc5 14. Bf5 Rc6 15.
Nbd4 Ra6 16. Bd2 g6 17. Bc2 O-O 18. Bb4 Bd6 19. Rb1 Rb6 20. Nb3 Nxb3 21. Rxb3
Ba6 22. Ba5 Bxf1 23. Kxf1 Qc7 24. Rc3 Qe7 25. Bxb6 axb6 26. a4 Bb4 27. Rc6 Bc5
28. Bb3 Rd8 29. Qd3 Ne8 30. h3 Nc7 31. Kg1 Qd7 32. Ne5 Qe7 33. Nf3 Qd7 34. Ne5
Qe7 35. Nf3 1/2-1/2

[Event "Asian Nations Cup 2016"]
[Site "Abu Dhabi UAE"]
[Date "2016.04.02"]
[Round "6.4"]
[White "Zhou, Jianchao"]
[Black "Khoroshev, Nikita"]
[Result "1-0"]
[WhiteTitle "GM"]
[BlackTitle "FM"]
[WhiteElo "2612"]
[BlackElo "2337"]
[WhiteTeam "China"]
[BlackTeam "Uzbekistan"]
[WhiteFideId "8603537"]
[BlackFideId "14200287"]
[EventDate "2016.03.28"]
[EventType "team"]

1. d4 Nf6 2. c4 e6 3. Nc3 Bb4 4. Qb3 a5 5. Nf3 b6 6. g3 Bb7 7. Bg2 O-O 8. O-O
Bxc3 9. Qxc3 d6 10. b3 Nbd7 11. Bb2 Qe7 12. Rad1 Rfe8 13. Rfe1 Rab8 14. d5 e5
15. Nd2 Bc8 16. e4 h5 17. Nf1 Ng4 18. h3 Ngf6 19. Bc1 Nh7 20. Ne3 Nc5 21. h4 Qf6
22. Qc2 g5 23. Qe2 gxh4 24. Qxh5 hxg3 25. fxg3 Qg6 26. Qh4 Qf6 27. Rf1 Qxh4 28.
gxh4 Nf8 29. Nf5 Bxf5 30. Rxf5 Ng6 31. Bg5 Nf4 32. Bxf4 exf4 33. Rxf4 Nd7 34.
Rd3 Ne5 35. Rg3+ Kf8 36. h5 Ke7 37. Bf1 Rg8 38. Rxg8 Rxg8+ 39. Kh2 Ng4+ 40. Kh3
Nh6 41. Be2 Rg1 42. Rf1 Rg8 43. Kh2 Rg5 44. a3 Ng8 45. Kh3 Re5 46. Rf4 Nh6 47.
Kh4 Kf8 48. Bd3 Kg7 49. Rf3 Re8 50. Rf1 Re5 51. b4 axb4 52. axb4 Re8 53. Ra1 Kf6
54. Ra7 Rg8 55. Rxc7 Ng4 56. Be2 Ne3 57. Bf3 Rg7 58. c5 bxc5 59. bxc5 dxc5 60.
d6 c4 61. e5+ Kxe5 62. d7 Nf5+ 63. Kh3 1-0

[Event "Asian Nations Cup 2016"]
[Site "Abu Dhabi UAE"]
[Date "2016.04.02"]
[Round "6.1"]
[White "Murshed, Niaz"]
[Black "Jumabayev, Rinat"]
[Result "1-0"]
[WhiteTitle "GM"]
[BlackTitle "GM"]
[WhiteElo "2446"]
[BlackElo "2607"]
[WhiteTeam "Bangladesh"]
[BlackTeam "Kazakhstan"]
[WhiteFideId "10200010"]
[BlackFideId "13702661"]
[EventDate "2016.03.28"]
[EventType "team"]

1. Nf3 Nf6 2. c4 b6 3. g3 Bb7 4. Bg2 c5 5. O-O g6 6. b3 Bg7 7. Bb2 O-O 8. Nc3 e6
9. d4 Na6 10. e3 Qe7 11. Qe2 d5 12. Rfd1 Rfd8 13. cxd5 exd5 14. Ne5 Nc7 15. Rac1
Ne6 16. Ba3 Rac8 17. Na4 Bf8 18. dxc5 bxc5 19. Qb5 Qc7 20. Bb2 Ne8 21. Qe2 Qe7
22. Nd3 Rc6 23. Ne5 Rc7 24. Nc3 Nf6 25. Nb5 Ba6 26. a4 Rcc8 27. Qe1 Ne4 28. Qa5
Qb7 29. Bxe4 dxe4 30. Ng4 f5 31. Nf6+ Kf7 32. Nxh7 Be7 33. Qc3 Rd3 34. Rxd3 exd3
35. Nd6+ Bxd6 36. Qf6+ Ke8 37. Qxe6+ Be7 38. Nf6+ Kd8 39. Be5 1-0

[Event "Asian Nations Cup 2016"]
[Site "Abu Dhabi UAE"]
[Date "2016.04.02"]
[Round "6.2"]
[White "Ismagambetov, Anuar"]
[Black "Mohammad, Minhaz Uddin"]
[Result "1-0"]
[WhiteTitle "GM"]
[BlackTitle "IM"]
[WhiteElo "2559"]
[BlackElo "2436"]
[WhiteTeam "Kazakhstan"]
[BlackTeam "Bangladesh"]
[WhiteFideId "13701525"]
[BlackFideId "10201955"]
[EventDate "2016.03.28"]
[EventType "team"]

1. e4 e5 2. Nf3 Nf6 3. Nxe5 d6 4. Nf3 Nxe4 5. d4 d5 6. Bd3 Nc6 7. O-O Bg4 8. c4
Be7 9. Nc3 Nf6 10. cxd5 Nxd5 11. h3 Be6 12. a3 Nxc3 13. bxc3 Na5 14. Rb1 O-O 15.
Re1 Bf6 16. Rb5 c6 17. Ng5 cxb5 18. Bxh7+ Kh8 19. Qh5 Bxg5 20. Rxe6 fxe6 21.
Bg6+ Bh6 22. Bxh6 Kg8 23. Bg5 Rf6 24. Qh7+ Kf8 25. Qh8+ Ke7 26. Qxg7+ Kd6 27.
Bxf6 Qf8 28. Be5+ Kd5 29. Qc7 Qxa3 30. c4+ 1-0

[Event "Asian Nations Cup 2016"]
[Site "Abu Dhabi UAE"]
[Date "2016.04.02"]
[Round "6.3"]
[White "Mollah Abdullah, Al Rakib"]
[Black "Kazhgaleyev, Murtas"]
[Result "0-1"]
[WhiteTitle "GM"]
[BlackTitle "GM"]
[WhiteElo "2478"]
[BlackElo "2570"]
[WhiteTeam "Bangladesh"]
[BlackTeam "Kazakhstan"]
[WhiteFideId "10200444"]
[BlackFideId "13700316"]
[EventDate "2016.03.28"]
[EventType "team"]

1. d4 Nf6 2. Nf3 e6 3. Bg5 c5 4. Nc3 cxd4 5. Qxd4 Nc6 6. Qh4 Be7 7. e4 d6 8.
O-O-O Qa5 9. Kb1 a6 10. Nd2 b5 11. Nb3 Qc7 12. Bd3 Bb7 13. Rhe1 b4 14. Ne2 Ne5
15. Ned4 h6 16. Qh3 Nxd3 17. cxd3 a5 18. Be3 Ba6 19. Rd2 a4 20. Rc1 Qb7 21. Na5
Bxd3+ 22. Rxd3 Rxa5 23. Nc6 Ra6 24. Nxe7 Qxe4 25. Bd2 Kxe7 26. Re1 Qb7 27. Qg3
g5 28. Rd4 b3 29. h4 bxa2+ 30. Kxa2 Rb8 31. Bb4 Nd5 32. Ba3 Qb3+ 33. Qxb3 axb3+
34. Kb1 Nc3+ 0-1